Obras hidráulicas coloniales a través de la arqueología histórica en el casco antiguo de la ciudad de Santiago
Gorde:
| Egile nagusia: | |
|---|---|
| Beste egile batzuk: | |
| Formatua: | Liburua |
| Hizkuntza: | gaztelania |
| Argitaratua: |
Santiago, Chile
Universidad de Chile
1998
|
| Gaiak: | |
| Etiketak: |
Etiketa erantsi
Etiketarik gabe, Izan zaitez lehena erregistro honi etiketa jartzen!
|
MARC
| LEADER | 00000nam a2200000 a 4500 | ||
|---|---|---|---|
| 001 | UCK3610 | ||
| 003 | CL-VaPUC | ||
| 005 | 20210427122325.0 | ||
| 008 | 050429e19980000CL |||||||||||||||||spa|d | ||
| 999 | |c 312730 |d 312728 | ||
| 040 | |c Pontificia Universidad Católica de Valparaíso | ||
| 082 | 0 | 4 | |a 983.03 GOM 1998 |2 21 |
| 100 | |a Gómez Alcorta, Alfredo Germán |e autor |9 623243 | ||
| 245 | 1 | 0 | |a Obras hidráulicas coloniales a través de la arqueología histórica en el casco antiguo de la ciudad de Santiago |
| 260 | |a Santiago, Chile |b Universidad de Chile |c 1998 | ||
| 300 | |a paginación irregular | ||
| 583 | |a last modification |c 20050429 00:00:00 |k Rodrigo Vera | ||
| 650 | 0 | |a Historia de Chile |9 265473 |x Arqueología | |
| 650 | 0 | |a Periodo Colonial |z Chile |9 257430 | |
| 700 | 0 | |a Prado Berlien, Claudia |e autor |9 491747 | |
| 852 | |a BIBCUR | ||
| 942 | |c BK |2 ddc | ||
| 945 | |d 20050429 00:00:00 |a jcarroza | ||
| 952 | |0 0 |1 0 |2 ddc |4 0 |6 983_030000000000000_GOM_1998 |7 0 |8 A |9 383434 |a BIBHIS |b BIBHIS |d 2019-11-21 |i 408683K |o 983.03 GOM 1998 |p 408683K |r 2025-01-20 |t 1 |w 2019-11-21 |y BK |k HIS | ||